Proceedings of the Symposium on the Oceanography and Fisheries Resources of the Tropical Atlantic : (Record no. 74964)
[ view plain ]
| 000 -LEADER | |
|---|---|
| fixed length control field | 01901nam a2200349 a 4500 |
| 001 - CONTROL NUMBER | |
| control field | 74964 |
| 003 - CONTROL NUMBER IDENTIFIER | |
| rucl marc code | BD-RjUL |
| 005 - DATE AND TIME OF LATEST TRANSACTION | |
| control field | 20211209082628.0 |
| 008 - FIXED-LENGTH DATA ELEMENTS--GENERAL INFORMATION | |
| fixed length control field | 190103s1969 fr a i101 0 eng d |
| 035 ## - SYSTEM CONTROL NUMBER | |
| System control number | (OCoLC)ocm35497661 |
| System control number | (BD-RjUL)75182 |
| 040 ## - CATALOGING SOURCE | |
| Original cataloging agency | CAI |
| Transcribing agency | CAI |
| Language of cataloging | eng |
| Modifying agency | BD-RjUL |
| 041 0# - LANGUAGE CODE | |
| Language code of text/sound track or separate title | engfre |
| 082 ## - DEWEY DECIMAL CLASSIFICATION NUMBER | |
| Edition number | 23 |
| Classification number | 551.46 |
| Author mark and year | SYP 1969 |
| 111 2# - MAIN ENTRY--MEETING NAME | |
| Meeting name or jurisdiction name as entry element | Symposium on the Oceanography and Fisheries Resources of the Tropical Atlantic |
| Date of meeting | (1966 : |
| Location of meeting | Abidjan, Ivory Coast) |
| 9 (RLIN) | 226501 |
| 245 10 - TITLE STATEMENT | |
| Title | Proceedings of the Symposium on the Oceanography and Fisheries Resources of the Tropical Atlantic : |
| Remainder of title | review papers and contributions : results of the ICITA and of the GTS, organized through the joint efforts of UNESCO, FAO and OAU : Abidjan, Ivory Coast, 20-28 October 1966 = Actes du Symposium sur l'océanographie et les ressources halieutiques de l'Atlantique tropical : rapports de synthèse et communications : résultats de l'ICITA et de la GTS, organisé conjointement par l'UNESCO, la FAO et l'OUA : Abidjan, Côte d'Ivoire, 20-28 octobre 1966. |
| 260 ## - PUBLICATION, DISTRIBUTION, ETC. (IMPRINT) | |
| Place of publication, distribution, etc. | Paris : |
| Name of publisher, distributor, etc. | UNESCO, |
| Date of publication, distribution, etc. | 1969. |
| 300 ## - PHYSICAL DESCRIPTION | |
| Pagination | 430 p. : |
| Illustrations | ill. ; |
| Size | 27 cm. |
| 500 ## - GENERAL NOTE | |
| General note | Papers in English and French. |
| 650 #0 - SUBJECT ADDED ENTRY--TOPICAL TERM | |
| Topical term or geographic name as entry element | Oceanography |
| Geographic subdivision | Atlantic Ocean |
| Form subdivision | Congresses. |
| 9 (RLIN) | 226502 |
| Topical term or geographic name as entry element | Fisheries |
| Geographic subdivision | Atlantic Ocean |
| Form subdivision | Congresses. |
| 9 (RLIN) | 226503 |
| Topical term or geographic name as entry element | Marine biology |
| Geographic subdivision | Atlantic Ocean |
| Form subdivision | Congresses. |
| 9 (RLIN) | 226504 |
| Topical term or geographic name as entry element | Pêches |
| Geographic subdivision | Atlantique (Océan) |
| General subdivision | Congrès. |
| 9 (RLIN) | 226505 |
| Topical term or geographic name as entry element | oceanographie |
| Geographic subdivision | atlantique (ocean) |
| General subdivision | congres. |
| 9 (RLIN) | 226506 |
| Topical term or geographic name as entry element | Biologie marine |
| Geographic subdivision | Alantique (Ocean) |
| General subdivision | Congrès. |
| 9 (RLIN) | 226507 |
| 710 2# - ADDED ENTRY--CORPORATE NAME | |
| Corporate name or jurisdiction name as entry element | Unesco. |
| 9 (RLIN) | 226508 |
| Corporate name or jurisdiction name as entry element | Food and Agriculture Organization of the United Nations. |
| 9 (RLIN) | 226509 |
| Corporate name or jurisdiction name as entry element | Organization of African Unity. |
| 9 (RLIN) | 226510 |
| Corporate name or jurisdiction name as entry element | International Cooperative Investigations of the Tropical Atlantic. |
| 9 (RLIN) | 226511 |
| Corporate name or jurisdiction name as entry element | Guinean Trawling Survey. |
| 9 (RLIN) | 83555 |
| 942 ## - ADDED ENTRY ELEMENTS (KOHA) | |
| Source of classification or shelving scheme | Dewey Decimal Classification |
| Koha item type | Books |
| Lost status | Source of classification or shelving scheme | Damaged status | Not for loan | Collection code | Permanent Location | Current Location | Shelving location | Date acquired | Source of acquisition | Cost, normal purchase price | Total Checkouts | Full call number | Date last seen | Copy number | Koha item type |
|---|---|---|---|---|---|---|---|---|---|---|---|---|---|---|---|
| Dewey Decimal Classification | Not For Loan | Non-fiction | Central Library, University of Rajshahi | Central Library, University of Rajshahi | Reading Room | 31/07/1971 | Zeitlinger | 80.00 | 551.46 SYP 1969 | 03/01/2019 | C-1 | Books |